1839 1627 1192 1520 1803 1890 1607 1013 1994 1724 1933 1141 1095 1517 1646 1200 1379 1961 1114 1273 1415 1290 1529 1162 1228 1107 1870 1884 1512 1887 1501 1642 1914 1452 1084 1946 1888 1521 1540 1940 1569 1929 1295 1404 1213 1965 1377 1595 1210 1318 1772 1793 1500 1076 1997 1809 1062 1004 1549 1164 1700 1478 1736 1367 1120 1240 1950 1551 1346 1491 1644 1909 1036 1063 1321 1348 1357 1097 1900 1039 1151 1912 1312 1551 1090 1001 1340 1440 1823 1963 1732 1165 1136 1182 1728 1055 1502 1980 1430 BCNSPRNW ULIB Ver.6.0+V

เปลี่ยนเป็นภาษาไทย

Change to English
 แสดงรายละเอียดบรรณานุกรม
  กลับหน้าหลัก

Brief Record : Get Marc (ISO 2709) : E-mail record : QR code < ปิดหน้าต่าง
LEADER : 00000nam 2200000uu 4500
001    13399127495
003     ULIB
008    200617s2562||||th 000 0 tha d
020 ^- ^a9786163660602
050 ^- ^aนว^bด179ม
100 0^ aดวงตะวัน.
245 10 ^aมนตรารีรายา /ดวงตะวัน.
250 ^- ^aพิมพ์ครั้งที่ 1.
260 ^- ^aนนทบุรี :^bดวงตะวัน,^c2562
300 ^- ^a570 หน้า ;^c21 ซม.
945    ^p390^l0^i28401
999    ^aกัณชพร จุลอักษร
รายการนี้ยังไม่มีแท็ก
คุณยังไม่ได้ล็อกอิน คุณสามารถมีกิจกรรมร่วมกับเว็บไซต์ได้ แต่ต้องล็อกอินก่อน ::
  ล็อกอิน

รายการสื่อสารสนเทศ

ลำดับที่ ประเภท เลขเรียก/บาร์โค้ด สถานที่ สถานะ
1. นวนิยาย
นวนิยาย
นว ด179ม ฉ.1 
  Barcode: 28401
ห้องสมุดวิทยาเขตนครสวรรค์
►หนังสือทั่วไป:l:General Books
บนชั้น

รายการใกล้เคียง
    ชื่อเรื่อง [มนตรารีรายา /ดวงตะวัน.]

    ผู้แต่ง [aดวงตะวัน.]

BibComment


ยังไม่เคยถูกคอมเมนท์

คอมเมนท์ทรัพยากรรายการนี้
  คอมเมนท์: มนตรารีรายา ดวงต..


 Copyright 2026. Bcnsprnw @Library